Leaders; meetings of the President Nixon with other great leaders [urdu] (Record no. 269037)

000 -LEADER
fixed length control field 00332 a2200121 4500
001 - CONTROL NUMBER
control field 33964
082 ## - DEWEY DECIMAL CLASSIFICATION NUMBER
Classification number 920.092 RIC
090 ## - LOCALLY ASSIGNED LC-TYPE CALL NUMBER (OCLC); LOCAL CALL NUMBER (RLIN)
-- 22524
-- 22524
100 ## - MAIN ENTRY--PERSONAL NAME
Personal name Strother, S. C.
245 ## - TITLE STATEMENT
Title Leaders; meetings of the President Nixon with other great leaders [urdu]
Medium Urdu
260 ## - PUBLICATION, DISTRIBUTION, ETC.
Place of publication, distribution, etc. Lahore
Name of publisher, distributor, etc. Takhleeqat Pub
Date of publication, distribution, etc. 2001
300 ## - PHYSICAL DESCRIPTION
Extent 367p
942 ## - ADDED ENTRY ELEMENTS (KOHA)
Institution code [OBSOLETE] NUST-CAE
Call number prefix 920.092 RIC
Holdings
Withdrawn status Lost status Damaged status Not for loan Collection code Permanent Location Current Location Date acquired Total Checkouts Full call number Barcode Date last seen Price effective from Koha item type
          College of Aeronautical Engineering (CAE) College of Aeronautical Engineering (CAE) 04/03/2017   920.092 RIC CAE74585 04/05/2017 04/05/2017 Book
© 2023 Central Library, National University of Sciences and Technology. All Rights Reserved.